Yellow light : the flowering of Asian American arts /

Bibliographic Details
Other Authors: Ling, Amy
Format: Book
Language:English
Published: Philadelphia : Temple University Press, 1999.
Series:Asian American history and culture.
Subjects:

MARC

Tag First Indicator Second Indicator Subfields
LEADER 00000cam a2200000 a 4500
001 in00001498708
005 20151021085555.0
008 980710s1999 pauag 000 0 eng
010 |a  98029511  
020 |a 1566396700 (cloth : alk. paper) 
035 |a (OCoLC)39532640 
035 |9 AJJ9145AM 
040 |a DLC  |c DLC  |d C#P  |d TXA  |d UtOrBLW 
043 |a n-us--- 
049 |a TXAM 
050 0 4 |a NX512.3.A83  |b Y45 1999 
082 0 0 |a 700/.92/3951073  |a B  |2 21 
245 0 0 |a Yellow light :  |b the flowering of Asian American arts /  |c edited by Amy Ling. 
264 1 |a Philadelphia :  |b Temple University Press,  |c 1999. 
300 |a ix, 374 pages :  |b illustrations, music ;  |c 26 cm. 
336 |a text  |b txt  |2 rdacontent 
337 |a unmediated  |b n  |2 rdamedia 
338 |a volume  |b nc  |2 rdacarrier 
490 1 |a Asian American history and culture 
650 0 |a Asian American arts. 
650 0 |a Arts, American  |y 20th century. 
700 1 |a Ling, Amy. 
830 0 |a Asian American history and culture. 
948 |a c:ce 
999 |a MARS 
999 f f |s 8c4f59e1-b7c9-3d47-9bc8-a8371153abab  |i 61398271-a4c7-3a16-89cc-f8e0ae9e4435  |t 0 
952 f f |p ric  |a Texas A&M University  |b Rellis Campus  |c Joint Library Facility  |d Remote Storage  |t 0  |e NX512.3.A83 Y45 1999  |h Library of Congress classification  |i unmediated -- volume  |m A14825124305 
998 f f |a NX512.3.A83 Y45 1999  |t 0  |l Remote Storage